00957cam a2200313 a 450000100090000000300040000900500170001300800410003001000170007102000300008803500230011803500200014104000370016104200090019804300120020705000220021910000240024124500370026525000120030226000410031430000210035552100070037652600080038365000260039165000260041765100320044385600770047585600910055214243917OSt20140310184349.0060127s2006 nyuab c 000 1 eng  a 2006002526 a9780545019712c0545019710 a(OCoLC)ocm65063225 a(OCoLC)65063225 aDLCcDLCdIG#dBAKERdBTCTAdDLC alcac an-us-ny00aPZ 7b.M9535 20071 aMurphy, Jim,d1947-10aDesperate journey /cJim Murphy. a1st ed. aNew York :bScholastic Press,c2007. a278 p. :c22 cm. aG6 c860 1aRiver boatsvFiction. 1aFamily lifevFiction. 1aErie Canal (N.Y.)vFiction.413Table of contentsuhttp://www.loc.gov/catdir/toc/ecip069/2006002526.html423Publisher descriptionuhttp://www.loc.gov/catdir/enhancements/fy1116/2006002526-d.html